| 000 | 00000nam##2200000za#4500 |
| 001 | 9.601621 |
| 003 | CaOODSP |
| 005 | 20210624210147 |
| 007 | cr ||||||||||| |
| 008 | 150406|2003||||xxc|||||o f|0| 0 fre|d |
| 040 | |aCaOODSP|bfre |
| 043 | |an-cn--- |
| 086 | 1 |aYC23-0/372-4F-PDF |
| 110 | 1 |aCanada. |bParlement. |bSénat. |bComité permanent des affaires étrangères et du commerce international. |
| 245 | 10|aAccès incertain : |h[ressource électronique]|bles conséquences des mesures prises par les États-Unis touchant la sécurité et le commerce pour la politique commerciale canadienne (volume premier) / |cL'honorable Peter Stollery, président ; l'honorable Consiglio Di Nino, vice-président. |
| 246 | 3 |aRapport du Comité sénatorial permanent des affaires étrangères |
| 260 | |aOttawa - Ontario : |bSénat. |cJuin 2003. |
| 300 | |a149p.|bgraphiques, références |
| 490 | 1 |aRapport du Comité sénatorial permanent des affaires étrangères et du commerce international|v[37e législature, 2e session, 4e rapport] |
| 500 | |aPour le vol. 2, voir YC23-0/372-6F-PDF. Pour le vol. 3, voir YC23-0/373-3F-PDF. |
| 590 | |a11-12-Supp|b2011-07-29 |
| 775 | 08|tUncertain access : |w(CaOODSP)9.570979 |
| 830 | #0|aRapport du Comité sénatorial permanent des affaires étrangères et du commerce international ;|v[37e législature, 2e session, 4e rapport]|w(CaOODSP)9.501654 |
| 856 | 40|ahttp://publications.gc.ca|qPDF|s700 Ko|uhttps://publications.gc.ca/collections/collection_2011/sen/yc23-0/YC23-0-372-4-fra.pdf|y[37e législature, 2e session, 4e rapport] |